000 00482nmm a2200157Ia 4500
008 251105s9999||||xx |||||||||||||||||und||
041 _aspa
100 _aGómez Buitrago, Jairo
245 0 _aGerencia pública y control fiscal
264 _a[Bogotá, Colombia] :
_bUniversidad del Rosario,
_c2017
300 _a220 páginas
490 _aTextos de Jurisprudencia
650 _aEconomics and Business
856 _uhttps://public.digitaliapublishing.com/a/48621
942 _cCF
999 _c100844
_d100844